| 000 | 01385cam a22003614a 4500 | ||
|---|---|---|---|
| 001 | 13807378 | ||
| 003 | OSt | ||
| 005 | 20140310182741.0 | ||
| 008 | 041206s2005 nyua 001 0 eng | ||
| 010 | _a 2004065777 | ||
| 020 | _a0764158600 | ||
| 040 |
_aDLC _cDLC _dDLC |
||
| 041 | 1 |
_aeng _hspa |
|
| 042 | _apcc | ||
| 050 | 0 | 0 |
_aNC 730 _b.T58513 2005 |
| 130 | 0 |
_aTodo sobre las técnicas secas. _lEnglish. |
|
| 245 | 1 | 0 |
_aAll about techniques in dry media / _c[author, Parramón's Editorial Team ; exercises, Vicenç Ballestar ... et al. ; translated by Michael Brunelle and Beatriz Cortabarria]. |
| 260 |
_aHauppauge, N.Y. : _bBarron's, _c2005. |
||
| 300 |
_a143 p. : _bill. col. ; _c29 cm. |
||
| 440 | 0 | _aAll about techniques | |
| 440 | 0 | _aAll about techniques | |
| 500 | _aAn indispensable manual for artists"--Cover. | ||
| 500 | _aIncludes index. | ||
| 521 | _aMA | ||
| 650 | 0 |
_aDrawing _xTechnique. |
|
| 700 | 1 | _aBallestar, Vincenç. | |
| 710 | 2 |
_aParramón Ediciones. _bEditorial Team. |
|
| 856 | 4 | 2 |
_3Publisher description _uhttp://www.loc.gov/catdir/enhancements/fy0619/2004065777-d.html |
| 906 |
_a7 _bcbc _corignew _d1 _eocip _f20 _gy-gencatlg |
||
| 942 |
_2lcc _cBK _kFOR |
||
| 999 |
_c15562 _d15562 |
||